000 01284nam a22004097a 4500
003 CHAP
005 20220817043946.0
008 040831d2003 mx a r 00110 eng d
010 _a88769
011 _a89741
020 _a9251049505
035 _a100292
040 _cCHAP
082 0 4 _a630.717
_bF52
110 2 _aFAO
245 1 4 _aThe one to watch :
_bradio, new ICTs and interactivity
_c/ed. by Bruce Girard
260 _aRome :
_bFAO,
_c2003.
300 _a243 p. :
_bilus.
590 _aBATCH-UPD
_b10
_c20130110
_lUCH01
_h0957
590 _aBATCH-UPD
_b10
_c20130410
_lUCH01
_h0609
590 _aBATCH-UPD
_b10
_c20130914
_lUCH01
_h1024
590 _aCONVERSION
_b10
_c20130109
_lUCH01
_h1349
650 1 4 _aComunicación en agricultura.
_926212
650 1 4 _aComunicaciones
_zAfrica.
_926163
650 1 4 _aDesarrollo rural.
_932067
650 1 4 _aDesarrollo sustentable.
650 1 4 _aExtensión agrícola
_xAfrica.
_939145
650 1 4 _aINTERNET.
650 1 4 _aRadio en agricultura.
_993690
650 1 4 _aSistemas de información.
_9106760
650 1 4 _aTelecomunicaciones.
_9112078
700 0 _aBruce, Girard.
_915728
901 _aBK
905 _aAlejandra Carrasco M.
942 _cLIBRO
949 _a630.717 F52
_bBC
_cFAO
_d33724000797718
_eFAO1
_h42541
_i100292
_sb
999 _c88769
_d88769